Ultrasonic Machining

Uložené v:
Podrobná bibliografia
Hlavný autor: Kuruc, Marcel, 1988- (Autor)
Ďalší autori: Peterka, Jozef (Vedúci práce)
Médium: Diplomová práca Kniha
Jazyk:Slovak
English
Vydavateľské údaje: 2015
Predmet:
On-line prístup:http://is.stuba.sk/zp/portal_zp.pl?podrobnosti=101496
Tagy: Pridať tag
Žiadne tagy, Buďte prvý, kto otaguje tento záznam!

MARC

LEADER 00000ntm a22000003a 4500
001 stuzp35712
003 SK-STU
005 20160719152959.2
007 ta
008 150427s2015----xo-----f-mn---000-0-slo-d
040 |a STU  |b slo 
041 0 |a eng 
100 1 |a Kuruc, Marcel,  |d 1988-  |u M3000  |4 aut  |r Z3  |9 100  |U MTF Materiálovotechnologická fakulta  |T MTF Ústav výrobných technológií  |X 48583  |U M3000  |Y 83  |7 A000048583 
242 0 1 |a Ultrazvukové obrábanie  |y slo 
245 1 0 |a Ultrasonic Machining 
260 |c 2015 
300 |a 172 s.+príl.,  |e 1 CD-ROM, autoreferát 
500 |a Study programme: Machine Technologies and Materials 
500 |a Study field: 5.2.7 mechanical engineering technologies and materials 
502 |a Dizertačná práca (PhD) - STU MTF v Trnave UVTE, 2015 
650 4 |a opotrebovanie nástroja  |2 slo 
650 4 |a topografia povrchu  |2 slo 
650 4 |a veľmi tvrdé materiály  |2 slo 
650 4 |a rotačné ultrazvukové obrábanie  |2 slo 
650 4 |a zaťaženie stroja  |2 slo 
650 4 |a tool wear  |2 eng 
650 4 |a rotary ultrasonic machining  |2 eng 
650 4 |a very hard materials  |2 eng 
650 4 |a machine loads  |2 eng 
650 4 |a surface topography  |2 eng 
700 1 |a Peterka, Jozef  |4 ths  |X 278  |7 A000000278 
856 4 |u http://is.stuba.sk/zp/portal_zp.pl?podrobnosti=101496 
996 |b .  |c M* DzP-478  |l MMSKP  |s P  |a 0  |w stuzp35712_0001 
SQL |a stuzp35712  |b DDZ  |c ENG  |d Ultrasonic Machining  |e 48583  |f Kuruc, Marcel  |g 063000  |h 278  |i Peterka, Jozef  |j 20150825  |k 200  |l 06  |m http://is.stuba.sk/zp/portal_zp.pl?podrobnosti=101496  |n D-STM  |o 5.2.7. strojárske technológie a materiály